000 00337nam a2200145Ia 4500
100 _aMachinery yellow back series
942 _cBK
654 _aInspection
245 _aTaper Calculation & Inspection No.25
260 _bMachinery Publication & co
_c2001
082 _a621.9
_bMAC
300 _a72
546 _aENGLISH
999 _c18880
_d18880